000 00447nam a2200181Ia 4500
001 24507
005 20260414151048.0
008 260414t2005||||xx |||||||||||||| ||spa||
041 _aESP
082 _a345.71
_bR62
100 _aRivas, Adolfo Armando
_eAUT
245 0 _aLas medidas cautelares en el derecho peruano
_b
260 _c2005
300 _a317 páginas :
_c24 cm.
650 _aDER
654 _aCDE
942 _cLIB
_dJUS
_fJUS
_2ddc
_n
999 _c24507
_d24507